501 French Verbs (Registro nro. 9799)
[ vista simple ]
| 000 -CABECERA | |
|---|---|
| campo de control de longitud fija | 00555nam a22002297a 4500 |
| 005 - FECHA Y HORA DE ACTUALIZACIÓN | |
| campo de control | 20170825094822.0 |
| 008 - LONGITUD FIJA | |
| campo de control de longitud fija | 170824b xxu||||| |||| 00| 0 spa d |
| 020 ## - INTERNATIONAL STANDARD BOOK NUMBER | |
| Número Internacional Estándar del Libro | 9781438075204 |
| 041 ## - IDIOMA | |
| Código de idioma del texto/pista de sonido o título separado | |
| 100 ## - AUTOR PERSONAL | |
| Nombre de persona | Kendris, Christopher |
| 100 ## - AUTOR PERSONAL | |
| Nombre de persona | Kendris, Theodore |
| 245 ## - TÍTULO PROPIAMENTE DICHO | |
| Título | 501 French Verbs |
| 260 ## - PIE DE IMPRENTA | |
| Lugar de publicación, distribución, etc. | Estados Unidos |
| 260 ## - PIE DE IMPRENTA | |
| Fecha de publicación, distribución, etc. | 2015 |
| 260 ## - PIE DE IMPRENTA | |
| Nombre del editor, distribuidor, etc. | Barron's |
| 300 ## - DESCRIPCIÓN FÍSICA | |
| Extensión | 760 páginas |
| 650 ## - Materia General | |
| Materia general | FRANCÉS |
| 650 ## - Materia General | |
| Materia general | IDIOMAS |
| 650 ## - Materia General | |
| Materia general | INGLÉS |
| 650 ## - Materia General | |
| Materia general | GRAMÁTICA |
| 942 ## - Punto de Acceso Adicional Koha | |
| Tipo de ítem Koha | Libro |
No hay ítems disponibles.